000 00540nam a22001817a 4500
003 CEME
005 20210628202752.0
008 210125b xxu||||| |||| 00| 0 eng d
020 _a81-7319-446-7
040 _c.
082 _a620.11223 COR
100 _aRaj, Baldev Khatak, H.S
_961522
245 _aCorrosion of austenitic stainless steels mechanism, mitigation and monitoring
260 _aNEW DELHI
_bNAROSA PUBLISHING
_c2002
300 _aXIV,379 P
650 _aCORROSION OF AUSTENITIC STAINLESS STEELS
_961523
942 _cBK
_2ddc
999 _c570952
_d570952